[Event "SLO-chT 19th"]
[Site "Rogaska Slatina"]
[Date "2009.??.??"]
[Round "1"]
[White "Lazar, Ales Ml"]
[Black "Djurkovic, Maks"]
[Result "1-0"]
[WhiteElo "2291"]
[BlackElo "2123"]
[PlyCount "89"]
[EventDate "2009.12.11"]
[EventType "team-tourn"]
[EventRounds "9"]
[EventCountry "SLO"]
[SourceTitle "CBM 133 Extra"]
[Source "ChessBase"]
[SourceDate "2010.01.05"]
[SourceVersion "1"]
[SourceVersionDate "2010.01.05"]
[SourceQuality "1"]
[WhiteTeam "Radenska Pomgrad"]
[BlackTeam "Celjski"]
[WhiteTeamCountry "SLO"]
[BlackTeamCountry "SLO"]

1. e4 b6 2. d4 Bb7 3. Bd3 Nf6 4. Nc3 e6 5. Nf3 Bb4 6. Qe2 d5 7. exd5 Nxd5 8. Bd2 Nxc3 9. bxc3 Be7 10. Ne5 0-0 11. 0-0 Nd7 12. f4 g6 13. Rae1 a6 14. Nxd7 Qxd7 15. f5 gxf5 16. Qh5 f6 17. Rxf5 Rf7 18. Rf2 f5 19. Qe2 Bh4 20. Bf4 Bxf2+ 21. Qxf2 Rg7 22. Bf1 b5 23. Re5 Bd5 24. a4 c6 25. Re3 bxa4 26. c4 Be4 27. Be5 Rg6 28. c5 Qb7 29. c4 Re8 30. Ra3 Rg4 31. h3 Rg6 32. Kh2 Kf7 33. Rxa4 Reg8 34. g3 Ke7 35. Ra2 Kd7 36. Rb2 Qa7 37. Rb6 Ra8 38. Qb2 Kc8 39. Bg2 a5 40. Bxe4 fxe4 41. Rxc6+ Kd8 42. Qf2 Qe7 43. Rc7 Qe8 44. Qf4 Rb8 45. Qh4+ 1-0

[Event "SLO-chT 19th"]
[Site "Rogaska Slatina"]
[Date "2009.??.??"]
[Round "9"]
[White "Lazar, Ales Ml"]
[Black "Kavcic, Janez"]
[Result "1/2-1/2"]
[WhiteElo "2291"]
[BlackElo "1971"]
[PlyCount "27"]
[EventDate "2009.12.11"]
[EventType "team-tourn"]
[EventRounds "9"]
[EventCountry "SLO"]
[SourceTitle "CBM 133 Extra"]
[Source "ChessBase"]
[SourceDate "2010.01.05"]
[SourceVersion "1"]
[SourceVersionDate "2010.01.05"]
[SourceQuality "1"]
[WhiteTeam "Radenska Pomgrad"]
[BlackTeam "Ljubljana Metalka Trgovina"]
[WhiteTeamCountry "SLO"]
[BlackTeamCountry "SLO"]

1. d4 Nf6 2. Nf3 d5 3. Bf4 e6 4. e3 Be7 5. Nbd2 0-0 6. Bd3 b6 7. Qe2 Bb7 8. e4 dxe4 9. Nxe4 Nxe4 10. Bxe4 Bxe4 11. Qxe4 Nd7 12. 0-0 Nf6 13. Qe2 Nd5 14. Bg3 1/2-1/2